000 00319nam a2200109Ia 4500
008 230907s9999||||xx |||||||||||||| ||und||
082 _a620.106
_bTUR
245 0 _aTurbomachinery blade design systems /
260 _aBelgium :
_bVon Kamran Institute for Fluid Dynamics,
_c1999
300 _avarious pages. :
942 _cBK
999 _c598220
_d598220